The Story of the Pakistan Air Force A Saga of Courage and Honour (Record no. 311501)

000 -LEADER
fixed length control field 00427 a2200145 4500
001 - CONTROL NUMBER
control field 76428
082 ## - DEWEY DECIMAL CLASSIFICATION NUMBER
Classification number 954.9358 PAF
090 ## - LOCALLY ASSIGNED LC-TYPE CALL NUMBER (OCLC); LOCAL CALL NUMBER (RLIN)
-- 39138
-- 39138
100 ## - MAIN ENTRY--PERSONAL NAME
Personal name Pakistan Air Force
245 ## - TITLE STATEMENT
Title The Story of the Pakistan Air Force A Saga of Courage and Honour
Remainder of title Pakistan Air Force
Statement of responsibility, etc. Pakistan Air Force
250 ## - EDITION STATEMENT
Edition statement 1 st
260 ## - PUBLICATION, DISTRIBUTION, ETC.
Place of publication, distribution, etc. Islamabad
Name of publisher, distributor, etc. Shaheen Foundation
Date of publication, distribution, etc. 1988
300 ## - PHYSICAL DESCRIPTION
Extent 717
610 ## - SUBJECT ADDED ENTRY--CORPORATE NAME
Corporate name or jurisdiction name as entry element Pakistan Air Force
942 ## - ADDED ENTRY ELEMENTS (KOHA)
Institution code [OBSOLETE] caenust
Call number prefix 954.9358 PAF
Holdings
Withdrawn status Lost status Damaged status Not for loan Collection code Permanent Location Current Location Date acquired Total Checkouts Full call number Barcode Date last seen Price effective from Koha item type
          College of Aeronautical Engineering (CAE) College of Aeronautical Engineering (CAE) 04/03/2017   954.9358 PAF CAE82147 04/05/2017 04/05/2017 Book
          College of Aeronautical Engineering (CAE) College of Aeronautical Engineering (CAE) 04/03/2017   954.9358 PAF CAEG-2741 04/05/2017 04/05/2017 Book
          College of Aeronautical Engineering (CAE) College of Aeronautical Engineering (CAE) 04/03/2017   954.9358 PAF CAE82148 04/05/2017 04/05/2017 Book
© 2023 Central Library, National University of Sciences and Technology. All Rights Reserved.